The Thirteen Dwarves in the Hobbit - Statistics

General Stats
  • This quiz has been taken 28,766 times
  • The average score is 10 of 13
Answer Stats
Dwarf % Correct
Thorin Oakenshield
93%
Fili
87%
Kili
87%
Balin
80%
Bombur
79%
Gloin
78%
Dwalin
74%
Bofur
72%
Bifur
71%
Oin
70%
Nori
62%
Ori
61%
Dori
59%
No matching quizzes found
Score Distribution
Percent of People with Each Score
Percentile by Number Answered
Your Score History
You have not taken this quiz